000 00914nam a22003017a 4500
001 4762
003 FISKH
005 20250327082435.0
008 241009b cb ||||| |||| 00| 0 eng d
020 _a9780590257213
040 _aFISKH
_beng
_cFISKH
_dFISKH
050 _aQL568.A6
082 _a595.799
100 _aCole, Joanna
_d(1944–2020)
245 _aThe magic school bus inside a beehive /
_cBy Joanna Cole / Illustrated by Bruce Degen
250 _a1996
260 _aNew York :
_bScholastic,
_c1996.
300 _a47 pages :
_bcolor illustrations ;
_c22 cm
505 _aP
520 _aMs. Frizzle takes her class on a fieldtrip to a beehive in her magic school bus.
521 8 _a610
_bLexile
521 8 _aP
_bRaz-Plus
650 _2Insects
_aMagic School Bus
_vBees
650 _2Nature
_aAnimals
700 _aDegen, Bruce
_dIllustrator
942 _2ddc
_cBK
_n0
999 _c4762
_d4762